000 00327nam a22001337a 4500
008 170131b xxu||||| |||| 00| 0 eng d
020 _a0721662234
041 _aeng
080 _28TH
_a61
100 _a3
101 _aSHMI
245 _aHUNTER'S TROPICAL MEDICINE AND EMERGING INFECTOUS DISEASES
_cSTRICKLAND
942 _2udc
_cBK
999 _c4051
_d4051